| 000 | 00746nam a2200241 4500 | ||
|---|---|---|---|
| 001 | 37123 | ||
| 010 | _a9726109043 | ||
| 021 |
_aPT _b222429/05 |
||
| 090 | _a37123 | ||
| 100 | _a20060906d2005 m y0pory5003 ba | ||
| 101 | 0 | _apor | |
| 102 | _aPT | ||
| 200 | 1 |
_aDicionário de falares do Alentejo _fVitor Fernando Barros, Lourivaldo Martins Guerreiro |
|
| 205 | _a1.ª ed | ||
| 210 | 9 |
_aPorto _cCampo das Letras _d2005 |
|
| 215 |
_a194 p. a 2 colns. _d21 cm |
||
| 606 |
_aLingua portuguesa _xVocabularios _yAlentejo (Portugal) _x[Dicionarios] _92700 |
||
| 675 |
_a811.134.3'282(469.5)(043) _vBN _zpor |
||
| 700 |
_aBarros _bVitor Fernando _97322 |
||
| 701 |
_aGuerreiro _bLourivaldo Martins _4070 _97323 |
||
| 801 | 0 |
_aPT _bBN _gRPC |
|
| 990 | _cLIVROS | ||
| 994 | _aCOMP | ||